000 01045cam a22003257a 4500
003 CHAP
005 20220329135851.0
008 971013s1969 r 00010 d
010 _a43543
011 _a44515
035 _a48653
040 _cCHAP
090 _aTesis
100 0 0 _aFuentes Bernat, Alvaro.
_943830
245 0 _aAlgunas consideraciones sobre los transportes en la teoría económica
260 _aChapingo, Méx. :
_bEl autor,
_c1969
300 _a60 h.
502 _aTesis (Ing. Agr. Esp. en Economía) -- ENA.
590 _aALEPH
_b10
_c20130110
_lUCH01
_h1312
590 _aBATCH-UPD
_b10
_c20130110
_lUCH01
_h0330
590 _aBATCH-UPD
_b10
_c20130110
_lUCH01
_h2253
590 _aBATCH-UPD
_b10
_c20130410
_lUCH01
_h0003
590 _aBATCH-UPD
_b10
_c20130914
_lUCH01
_h2006
590 _aCONVERSION
_b10
_c20130109
_lUCH01
_h1324
650 1 4 _aTransportes
_xAspectos económicos.
_9114647
901 _aBK
942 _cFOLL
949 _bBC
_cTES
_d-110059
_eTS1
_i48653
_si
949 _bBC
_cTES
_d-110060
_eTS2
_fC.2
_i48653
_si
999 _c43543
_d43543